000 00391nam a2200169Ia 4500
003 OSt
005 20231023172049.0
008 230408s9999 xx 000 0 und d
020 _a9789392064098
082 _a330
_bMATA
100 _aMATHUR, B. L.
245 0 _aAarthik Niti Evam Prashasan
260 _aJaipur
_bRBSA Publishers
300 _a373
650 _aEconomics
942 _cBK
_2ddc
999 _c1835
_d1835